| 000 | 00992nam a22002535i 4500 | ||
|---|---|---|---|
| 001 | 164313 | ||
| 003 | ES-MaACL | ||
| 005 | 20250807122253.0 | ||
| 008 | 040901s1837 fr |||| | fre d | ||
| 040 |
_aCAM _bspa _cCAM |
||
| 100 | 1 |
_aSaint-Germain-Leduc ( _d1799-18.) _9155285 |
|
| 245 | 1 | 0 |
_aEntretiens sur Franklin / _cpar Saint-Germain. |
| 260 |
_aParis ; _aStrasbourg : _bchez F.G. Levrault, _c1835. |
||
| 300 |
_a174, [2] p. ; _c14 cm. |
||
| 490 | 1 | _aMaitre Pierre ou Le savant de village | |
| 490 | 1 |
_aBibliothèque de l'instruction populaire ; _v17 |
|
| 598 | _aSegunda serie tomada de BN Opale-Plus. | ||
| 600 | 1 | 4 |
_aFranklin, Benjamin, _d1706-1790 _952337 |
| 740 | 0 | 1 | _aMaitre Pierre ou Le savant de village. |
| 830 | 0 |
_aMaitre Pierre ou Le savant de village _9187710 |
|
| 830 | 0 |
_aBibliothèque de l'instruction populaire ; _v17 _9187711 |
|
| 852 |
_aES-MaACL _jD-5205(2) _z-- Enc. hol. _x-- Edic.: en el lomo consta : Instruction populaire |
||
| 999 |
_c164313 _d164313 |
||